000 01341nam a22003857a 4500
003 CHAP
005 20220329141228.0
008 971010s1979 r 00010 d
010 _a64770
011 _a65742
035 _a73043
040 _cCHAP
082 _a631.544
_bT5
100 0 0 _aTibbitts, T. W.
_9113026
245 _aControlled environment guidelines for plant research
260 _aNew York :
_bAcademic Press,
_c1979
300 _a413 p.
_b; gréfs.
590 _aBATCH-UPD
_b10
_c20130110
_lUCH01
_h0209
590 _aBATCH-UPD
_b10
_c20130110
_lUCH01
_h1206
590 _aBATCH-UPD
_b10
_c20130409
_lUCH01
_h2224
590 _aBATCH-UPD
_b10
_c20130410
_lUCH01
_h1009
590 _aBATCH-UPD
_b10
_c20130913
_lUCH01
_h1928
590 _aCONVERSION
_b10
_c20130109
_lUCH01
_h1335
650 1 4 _aAclimatación vegetal.
_9619
650 1 4 _aAdaptación vegetal.
_9880
650 1 4 _aCultivos en invernadero.
_930376
650 1 4 _aPlantas
_xEfecto del medio ambiente.
_988821
650 1 4 _aRadiación
_xEfecto en plantas.
_993674
650 1 4 _aTemperatura
_xEfecto en plantas.
_9112219
700 0 _aKozlowski, Theodore Thomas.
_963831
901 _aBK
942 _cLIBRO
949 _a631.544 T5
_bBC
_cLIBRO
_d33724000161865
_eLIBRO
_gI.145773
_h75598
_i73043
_si
_t105.75
949 _a631.544 T5
_bDCF
_cLIBRO
_d-5801
_eLIBRO
_h3893
_i73043
_si
999 _c64770
_d64770